[Event "German Bundesliga 2021-22"]
[Site "Germany"]
[Date "2022.04.09"]
[Round "3.6"]
[White "Sarbok, Torsten"]
[Black "Teclaf, Pawel"]
[Result "1/2-1/2"]
[WhiteElo "2325"]
[BlackElo "2542"]
[Annotator "TA"]
[PlyCount "147"]
[EventDate "2022.03.05"]
[EventType "team-tourn"]
[EventCountry "GER"]
[SourceTitle "playchess.com"]
[Source "ChessBase"]
[SourceQuality "1"]
[TimeControl "40/5400+30:1800+30"]

{[%evp 12,147,25,25,26,22,18,26,36,35,41,35,35,31,36,32,71,22,37,16,16,15,22,12,6,0,0,0,0,0,0,-15,-8,-10,-13,-20,-18,-22,-22,-23,-23,-23,-22,-42,-41,-42,-12,-14,-17,-31,-16,-31,-31,-31,-22,-22,-29,-32,-34,-90,-8,-8,-8,-53,-53,-54,-54,-72,-10,-13,-8,-12,0,0,0,0,0,0,0,0,0,-6,0,-73,-54,-54,0,0,0,0,0,0,0,0,0,0,0,0,0,0,0,0,0,0,0,0,0,0,0,0,0,0,0,0,0,0,0,0,0,0,0,0,0,0,0,0,0,0,0,0,0,0,0,0,0,0,0,0]} 1. e4 {[%emt 0:00:00]} c5 {[%emt 0:00:00]} 2. Nf3 {[%emt 0:00:00]} e6 {[%emt 0:00:00]} 3. d4 {[%emt 0:00:00]} cxd4 {[%emt 0:00:00]} 4. Nxd4 {[%emt 0:00:00]} a6 {[%emt 0:00:00]} 5. c4 {[%emt 0:00:00]} Nf6 {[%emt 0:00:00]} 6. Nc3 {[%emt 0:00:00]} Bb4 {[%emt 0:00:00]} 7. f3 {[%emt 0:00:00] 7.Qd3 is the modern continuation.} O-O {[%emt 0:22:37] B41: Sicilian: Kan Variation: 5 c4.} 8. Be2 {[%emt 0:19:03]} Nc6 {[%emt 0:15:57]} 9. Nxc6 {[%emt 0:06:02]} dxc6 {[%emt 0:05:39] White has an edge.} 10. Qxd8 {[%emt 0:07:00]} Rxd8 {[%emt 0:02:21]} 11. Be3 {[%emt 0:00:13] Prevents Bc5.} e5 {[%emt 0:06:23] [#]} 12. a3 $146 {[%emt 0:07:43]} ({Predecessor:} 12. O-O Be6 13. Rfd1 Nd7 14. a3 Bc5 15. Bxc5 Nxc5 16. Rxd8+ Rxd8 17. Rd1 Rxd1+ 18. Nxd1 {½-½ (27) Melero Sanchez,P-Panades Catarineu,O (1746) Llinars del Valles 2013}) 12... Be7 {[%emt 0:07:38]} 13. Na4 {[%emt 0:15:22]} Nd7 {[%emt 0:02:25]} 14. Nb6 {[%emt 0:01:08] &Bianco is more active.} (14. c5 $16) 14... Rb8 {[%emt 0:05:15]} 15. Nxd7 {[%emt 0:10:55]} Bxd7 {[%emt 0:01:34]} 16. Bb6 {[%emt 0:02:56] With the idea 0-0-0.} Rdc8 {[%emt 0:02:02]} 17. Kf2 {[%emt 0:06:41]} c5 {[%emt 0:01:55]} 18. Rhd1 {[%emt 0:00:28]} Be6 {[%emt 0:03:03]} 19. Rac1 {[%emt 0:01:41]} Rc6 {[%emt 0:04:25]} 20. Ba5 {[%emt 0:00:07]} b5 {[%emt 0:01:00]} 21. cxb5 {[%emt 0:00:36]} axb5 {[%emt 0:00:06]} 22. Bc3 {[%emt 0:00:10]} f6 {[%emt 0:01:30]} 23. Bd2 {[%emt 0:00:17]} Bb3 {[%emt 0:04:19]} 24. Re1 {[%emt 0:00:05]} Kf7 {[%emt 0:02:55]} 25. Be3 {[%emt 0:01:55]} g6 {[%emt 0:02:57]} 26. Bd1 {[%emt 0:02:18]} Be6 {[%emt 0:00:27]} 27. Re2 {[%emt 0:00:26]} c4 {[%emt 0:03:27]} 28. Rd2 {[%emt 0:02:53]} Rd8 {[%emt 0:01:21]} 29. Rxd8 {[%emt 0:06:34]} Bxd8 {[%emt 0:00:03]} 30. Ke2 {[%emt 0:01:44]} f5 {[%emt 0:01:58]} 31. g3 {[%emt 0:04:33]} fxe4 {[%emt 0:00:50]} 32. fxe4 {[%emt 0:00:02]} Rd6 {[%emt 0:00:35] [#] ...Bg4+ is the strong threat.} 33. Kf2 {[%emt 0:00:21]} Rd3 {[%emt 0:01:43][%cal Od3e3]} 34. h4 {[%emt 0:00:51]} Ba5 {[%emt 0:00:57] Strongly threatening ...Bd2.} 35. Be2 {[%emt 0:00:28]} (35. Bc2 $15 Rd6 36. Rd1) 35... Rd7 {[%emt 0:00:49]} (35... Rb3 $17 36. Rc2 {[#]} Be1+ $1 {[%mdl 512]} 37. Kxe1 Rxe3) 36. a4 $11 {[%emt 0:01:33]} bxa4 {[%emt 0:01:18] White must now prevent ...Rb7.} 37. Bxc4 {[%emt 0:00:08]} (37. Ra1 $5 {[%cal Ra1a4]}) 37... Rb7 {[%emt 0:00:03]} 38. Bxe6+ {[%emt 0:02:12]} Kxe6 $15 {[%emt 0:00:04][%mdl 4096] Endgame KRB-KRB} 39. Rc2 {[%emt 0:00:08]} Rb3 {[%emt 0:00:57]} (39... Kd6 $17) 40. Ke2 $11 {[%emt 0:01:24]} h5 {[%emt 0:01:11]} 41. Bf2 {[%emt 0:00:00]} Kd7 {[%emt 0:00:00]} 42. Kf1 $1 {[%emt 0:00:00]} Bb4 {[%emt 0:00:00]} 43. Ke2 {[%emt 0:00:00]} Bd6 {[%emt 0:01:23]} 44. Be1 $1 {[%emt 0:00:00]} Bb4 {[%emt 0:04:50] Threatens to win with ...Bxe1.} 45. Bf2 {[%emt 0:00:00]} Ba5 {[%emt 0:02:30]} 46. Kf1 $1 {[%emt 0:00:00]} Bb6 {[%emt 0:04:19]} 47. Be1 {[%emt 0:03:21]} (47. Bxb6 $11 Rxb6 48. Rc4) 47... Rf3+ {[%emt 0:02:46]} 48. Kg2 {[%emt 0:01:23]} Re3 {[%emt 0:00:28]} (48... Rd3 $1 $15) 49. Bf2 {[%emt 0:07:03] The position is equal.} Rb3 {[%emt 0:00:17]} 50. Bxb6 {[%emt 0:00:08]} Rxb6 {[%emt 0:00:04] KR-KR} 51. g4 $1 {[%emt 0:04:57]} Rb4 {[%emt 0:04:04]} 52. gxh5 {[%emt 0:00:40]} gxh5 {[%emt 0:00:05]} 53. Kf3 {[%emt 0:00:08]} Rb3+ {[%emt 0:00:51]} 54. Ke2 {[%emt 0:08:33]} Kd6 {[%emt 0:04:25]} 55. Kd2 {[%emt 0:02:07]} a3 {[%emt 0:10:50]} 56. bxa3 {[%emt 0:00:26]} Rxa3 {[%emt 0:00:04]} 57. Rc8 {[%emt 0:02:14]} Rh3 {[%emt 0:00:08]} 58. Rd8+ {[%emt 0:00:33]} Ke7 {[%emt 0:00:06]} 59. Rh8 {[%emt 0:01:23]} Rxh4 {[%emt 0:00:05]} 60. Rh6 {[%emt 0:00:08]} Rh1 {[%emt 0:02:20]} 61. Ke2 {[%emt 0:00:37]} h4 {[%emt 0:00:09]} 62. Kf2 {[%emt 0:00:38]} h3 {[%emt 0:00:37]} 63. Kg3 {[%emt 0:01:45]} Rg1+ {[%emt 0:00:55]} 64. Kh2 {[%emt 0:00:15]} Rg4 {[%emt 0:00:45]} 65. Kxh3 {[%emt 0:00:21]} Rxe4 {[%emt 0:00:05]} 66. Kg3 {[%emt 0:00:17]} Rf4 {[%emt 0:00:04]} 67. Ra6 {[%emt 0:00:14]} Rf8 {[%emt 0:01:02]} 68. Rb6 {[%emt 0:00:18]} Kd7 {[%emt 0:00:28]} 69. Ra6 {[%emt 0:00:22]} e4 {[%emt 0:00:58]} 70. Ra4 {[%emt 0:00:35]} e3 {[%emt 0:00:07]} 71. Re4 {[%emt 0:00:15]} Re8 {[%emt 0:00:05]} 72. Rxe8 {[%emt 0:00:06]} Kxe8 {[%emt 0:00:03]} 73. Kf3 {[%emt 0:00:05]} e2 {[%emt 0:00:04]} 74. Kxe2 {[%emt 0:00:13] Weighted Error Value: White=0.07 (flawless) /Black=0.10 (very precise)} 1/2-1/2

[Event "German Bundesliga 2021-22"]
[Site "Germany"]
[Date "2022.04.09"]
[Round "3.6"]
[White "Begnis, Nikolaos"]
[Black "Bacrot, Etienne"]
[Result "0-1"]
[WhiteElo "2278"]
[BlackElo "2642"]
[Annotator "TA"]
[PlyCount "86"]
[EventDate "2022.03.05"]
[EventType "team-tourn"]
[EventCountry "GER"]
[SourceTitle "playchess.com"]
[Source "ChessBase"]
[SourceQuality "1"]
[TimeControl "40/5400+30:1800+30"]

{[%evp 17,86,20,21,0,7,0,41,7,0,11,25,21,35,-16,0,-47,-45,-42,9,-14,0,-52,-50,-154,-155,-141,-42,-21,-28,-25,-15,-22,-31,-72,-72,-147,-140,-154,-160,-223,-217,-215,-226,-223,-211,-210,-202,-235,-237,-247,-228,-228,-231,-331,-338,-310,-268,-422,-406,-660,-661,-613,-647,-625,-597,-29966,-6203,-29980,-29941,-2801,-1678]} 1. e4 {[%emt 0:00:00]} c5 {[%emt 0:00:00]} 2. Nf3 {[%emt 0:00:00]} d6 {[%emt 0:00:00]} 3. d4 {[%emt 0:00:00]} cxd4 {[%emt 0:00:00]} 4. Nxd4 {[%emt 0:00:00]} Nf6 {[%emt 0:00:00]} 5. Nc3 {[%emt 0:00:00]} Nc6 {[%emt 0:00:00]} 6. Bg5 {[%emt 0:00:00]} e6 {[%emt 0:00:00]} 7. Qd2 {[%emt 0:00:00]} a6 {[%emt 0:00:00]} 8. O-O-O {[%emt 0:00:00]} Bd7 $1 {[%emt 0:00:00] 8...Bd7 is better than 8...h6.} 9. Nxc6 {[%emt 0:03:14]} Bxc6 {[%emt 0:00:00]} 10. Qe1 {[%emt 0:00:32][%cal Oc3d5] B67: Sicilian: Richter-Rauzer: 7...a6 8 0-0-0 Bd7, lines without 9 f4 Be7.} Qa5 {[%emt 0:00:00] Against Nd5 10...Be7 is vanishing.} 11. h4 {[%emt 0:07:31]} Be7 {[%emt 0:00:00]} (11... h6 $5 {[%cal Rh6g5]} 12. Bf4 b5 $11) 12. Rh3 {[%emt 0:09:03] [#] White is slightly better.} Rc8 $146 {[%emt 0:05:56]} ({Predecessor:} 12... b5 13. e5 dxe5 14. Qxe5 Rc8 15. Rg3 Qc7 16. Qxc7 Rxc7 17. a3 Rd7 18. Be2 Rxd1+ 19. Bxd1 g6 20. Bf3 Bxf3 21. Rxf3 Ng4 {½-½ (21) Begnis,N (2295)-Osieka,U (2320) Germany 1995}) 13. Kb1 {[%emt 0:10:14][%cal Og2g4]} Qc7 {[%emt 0:03:14]} 14. Bd3 {[%emt 0:28:22]} b5 {[%emt 0:03:22]} 15. Re3 {[%emt 0:04:06]} (15. Bxf6 $14 Bxf6 16. Nd5) 15... Qb7 {[%emt 0:06:50]} 16. f3 {[%emt 0:10:05]} (16. f4 $11 {deserves consideration.}) 16... h6 {[%emt 0:14:02]} 17. Bf4 {[%emt 0:01:00]} e5 {[%emt 0:02:57]} (17... b4 $15 18. Ne2 Qb6) 18. Bh2 $11 {[%emt 0:00:47]} h5 {[%emt 0:00:54]} 19. Qe2 {[%emt 0:14:50]} (19. Nd5 $11) 19... Bd7 $15 {[%emt 0:08:36]} 20. g4 {[%emt 0:03:52]} ({White should try} 20. Qd2 $15) 20... hxg4 $17 {[%emt 0:02:18]} 21. f4 {[%emt 0:00:05] [#]} exf4 {[%emt 0:08:41]} ({Not} 21... Rxh4 22. fxe5 dxe5 23. Bxe5 $15) (21... Rxc3 $1 $17 {[%mdl 512]} 22. bxc3 Qc7) 22. Bxf4 $15 {[%emt 0:00:07] Strongly threatening e5.} Nh5 {[%emt 0:00:05]} (22... Rxh4 $2 23. e5 dxe5 24. Rxe5 $18) 23. Bg5 {[%emt 0:01:55]} Be6 {[%emt 0:05:38]} (23... f6 $2 24. e5 $1 dxe5 25. Rxe5 $1 fxe5 26. Bg6+ Kf8 27. Bxe7+ Kxe7 28. Qxe5+ Kd8 29. Bxh5 $18) 24. Nd5 $1 {[%emt 0:02:44]} Bd8 {[%emt 0:00:07]} (24... f6 $2 25. e5 $1 dxe5 26. Rxe5 $1 {[%mdl 512]} fxe5 27. Nxe7 $18) 25. Bxd8 {[%emt 0:02:41]} Rxd8 {[%emt 0:01:15] White is now going downhill.} 26. Qf1 {[%emt 0:00:02]} (26. a4 $142) 26... Qa7 $36 {[%emt 0:07:46][%mdl 2048] White is under strong pressure.} 27. Rde1 {[%emt 0:00:04] [#]} Kf8 $1 {[%emt 0:01:11]} 28. Nf4 {[%emt 0:02:08]} (28. c4 $17 {was worth a try.}) 28... Nxf4 $19 {[%emt 0:00:35]} 29. Qxf4 {[%emt 0:00:01]} Rxh4 {[%emt 0:00:18]} 30. e5 {[%emt 0:00:07]} dxe5 {[%emt 0:04:42]} 31. Rxe5 {[%emt 0:00:07] [#]} Rh6 {[%emt 0:00:34]} 32. a3 {[%emt 0:00:37] [#] Rxe6 is the strong threat.} ({But not} 32. Rxe6 $2 Rxe6 33. Rd1 Qd4 $19) (32. b3 Qd4) 32... Qd4 $1 {[%emt 0:02:07]} 33. R5e4 {[%emt 0:00:55]} (33. Qf1 Qd7) 33... Qd5 {[%emt 0:02:40]} 34. b3 {[%emt 0:00:28]} Kg8 {[%emt 0:00:19]} 35. Qc7 {[%emt 0:01:11]} (35. a4 $142) 35... Qd6 {[%emt 0:01:33]} 36. Qa5 {[%emt 0:00:19]} g3 {[%emt 0:00:56][%cal Bg4g3,Bg3g2][%mdl 32] Hoping for ...g2.} 37. Rg1 {[%emt 0:01:04]} (37. R4e2 $142) 37... f5 {[%emt 0:06:40]} ({Avoid the trap} 37... Bxb3 $2 38. Re3 Be6 39. Be4 $19) 38. Rf4 {[%emt 0:00:45]} (38. Ree1 $142 f4 39. Rd1) 38... Qxf4 {[%emt 0:01:23]} 39. Qxd8+ {[%emt 0:00:05]} Kh7 {[%emt 0:00:06] Threatens to win with ...Qe3.} 40. Rf1 {[%emt 0:00:56]} Qg4 {[%emt 0:03:23] And now ...g2 would win.} 41. Qf8 {[%emt 0:00:00][%cal Rf1f5]} g2 {[%emt 0:00:00]} 42. Rxf5 {[%emt 0:00:00]} Bxf5 {[%emt 0:00:00]} 43. Bxf5+ {[%emt 0:00:00] [#]} Rg6 $1 {[%emt 0:00:00] Weighted Error Value: White=0.77/Black=0.13 (very precise)} 0-1

[Event "German Bundesliga 2021-22"]
[Site "Germany"]
[Date "2022.04.09"]
[Round "3.7"]
[White "Meier, Georg"]
[Black "Meessen, Rudolf"]
[Result "1-0"]
[WhiteElo "2631"]
[BlackElo "2239"]
[Annotator "TA"]
[PlyCount "91"]
[EventDate "2022.03.05"]
[EventType "team-tourn"]
[EventCountry "GER"]
[SourceTitle "playchess.com"]
[Source "ChessBase"]
[SourceQuality "1"]
[TimeControl "40/5400+30:1800+30"]

{[%evp 12,91,59,52,69,53,54,32,96,18,36,0,0,0,0,0,0,0,-6,-13,8,17,41,17,18,7,29,29,29,14,118,77,148,126,127,18,18,18,18,22,36,16,22,16,222,247,274,267,323,332,324,308,324,308,301,306,466,471,555,554,513,392,445,419,477,486,553,524,594,624,760,738,1017,1053,962,949,1045,1042,2172,2253,1694,1610]} 1. Nf3 {[%emt 0:00:00]} d6 {[%emt 0:00:00]} 2. d4 {[%emt 0:00:00]} g6 {[%emt 0:00:00]} 3. g3 {[%emt 0:00:00]} Bg7 {[%emt 0:00:00]} 4. Bg2 {[%emt 0:00:00]} e5 {[%emt 0:00:00]} 5. dxe5 {[%emt 0:00:00]} dxe5 {[%emt 0:00:00]} 6. Qxd8+ {[%emt 0:00:00]} Kxd8 {[%emt 0:00:00]} 7. Nc3 {[%emt 0:00:00] 7.0-0 is the hot move.} f6 {[%emt 0:00:00] A41: 1 d4 d6: Tartakower System and Modern Defence.} 8. b3 {[%emt 0:08:07]} c6 {[%emt 0:06:43]} 9. Ba3 {[%emt 0:00:07] [#]} Be6 $146 {[%emt 0:01:00] [#]} (9... Kc7 $14) ({Predecessor:} 9... Nh6 10. O-O-O+ Nd7 11. Rd2 Bf8 12. Bb2 Kc7 13. Rhd1 Bc5 14. Ne4 Be7 15. Bh3 Nf5 {1-0 (24) Ronka,E (2321)-Kostiukov,A (2271) Chess.com INT 2021}) 10. O-O-O+ {[%emt 0:01:08]} (10. Ne4 $1 $16) 10... Nd7 $11 {[%emt 0:00:38]} 11. Rd2 {[%emt 0:04:30]} Nh6 {[%emt 0:02:20]} 12. Ne4 {[%emt 0:02:43]} Kc7 {[%emt 0:12:14]} 13. Bd6+ {[%emt 0:01:07]} Kc8 {[%emt 0:01:45]} 14. Rhd1 {[%emt 0:02:57][%cal Of3g5]} Nf7 {[%emt 0:02:45] Against Nfg5} 15. e3 {[%emt 0:09:21]} Nxd6 {[%emt 0:21:03]} 16. Nxd6+ {[%emt 0:00:39]} Kc7 $1 {[%emt 0:00:17] [#]} 17. Nxb7 {[%emt 0:00:11] Hoping for Na5.} Bf8 $1 {[%emt 0:01:15]} 18. Nd6 {[%emt 0:08:15]} Nb6 {[%emt 0:06:52]} 19. c4 {[%emt 0:03:17]} Be7 {[%emt 0:03:58]} 20. Ne1 {[%emt 0:07:56][%cal Bf3e1,Be1d3,Bd3c5][%mdl 32]} f5 {[%emt 0:09:18]} (20... Nd7 $11) 21. Nd3 {[%emt 0:10:04]} e4 {[%emt 0:05:28]} (21... Bxd6 $142 22. c5 Rhc8) 22. Nc5 {[%emt 0:13:19] Pair of Knights!} Bc8 {[%emt 0:05:05]} 23. Nxc8 {[%emt 0:00:12] 0x0.0021271f002edp-1022s more active pieces. The black rooks are badly placed.} (23. f3 $16) 23... Bxc5 {[%emt 0:01:09]} 24. Nxb6 {[%emt 0:00:09]} Kxb6 {[%emt 0:00:33]} 25. Rd7 $36 {[%emt 0:00:51][%mdl 2048] White has the initiative.} h5 {[%emt 0:03:46]} 26. h4 {[%emt 0:05:42]} Rhe8 {[%emt 0:01:16]} 27. Rg7 {[%emt 0:03:15]} Rad8 $2 {[%emt 0:01:10] This costs Black the game.} (27... Rg8 $11 28. Rxg8 Rxg8) 28. Rxg6 $18 {[%emt 0:01:29]} Ba3+ {[%emt 0:00:46]} 29. Kc2 {[%emt 0:00:06]} Rxd1 {[%emt 0:00:16]} 30. Kxd1 {[%emt 0:00:03][%mdl 4096] Endgame KRB-KRB} Rd8+ {[%emt 0:07:41]} 31. Ke2 {[%emt 0:00:24]} Bb4 {[%emt 0:01:20]} 32. Bh3 {[%emt 0:00:12]} Rd2+ {[%emt 0:00:23]} 33. Kf1 {[%emt 0:00:08]} Rxa2 {[%emt 0:00:39]} (33... f4 $142 34. gxf4 (34. exf4 Bc5 $18) 34... Rd1+ 35. Kg2 Be1) 34. Bxf5 {[%emt 0:00:13]} Rb2 {[%emt 0:06:39]} 35. Bxe4 {[%emt 0:01:27]} Rxb3 {[%emt 0:00:46]} 36. Bxc6 {[%emt 0:00:52] Strongly threatening Ba4+.} Kc5 {[%emt 0:00:29]} 37. Bb5 {[%emt 0:00:43][%csl Gb5][%cal Rg6c6]} Rb1+ {[%emt 0:00:29]} 38. Kg2 {[%emt 0:00:16][%csl Gb5][%cal Rg6c6] White is clearly winning.} Be1 {[%emt 0:00:46]} 39. Rg5+ {[%emt 0:00:15]} Kb4 {[%emt 0:00:36]} 40. Rxh5 {[%emt 0:00:06]} Rb2 {[%emt 0:00:14]} 41. Rf5 {[%emt 0:30:07]} a5 {[%emt 0:30:16]} 42. h5 {[%emt 0:00:37]} a4 {[%emt 0:00:10] [#]} 43. Bxa4 $1 {[%emt 0:00:06]} Kxa4 {[%emt 0:00:07]} (43... Kxc4 44. h6) 44. g4 {[%emt 0:00:04][%cal Bg3g4,Bg4g5,Bg5g6][%mdl 32]} Rc2 {[%emt 0:00:00]} 45. g5 {[%emt 0:00:00] aiming for g6.} Bd2 {[%emt 0:00:00]} 46. g6 {[%emt 0:00:00] Weighted Error Value: White=0.21 (precise) /Black=0.36} 1-0

[Event "German Bundesliga 2021-22"]
[Site "Germany"]
[Date "2022.04.09"]
[Round "3.7"]
[White "Parvanyan, Ashot"]
[Black "Rietze, Clemens"]
[Result "1-0"]
[WhiteElo "2462"]
[BlackElo "2279"]
[Annotator "TA"]
[PlyCount "65"]
[EventDate "2022.03.05"]
[EventType "team-tourn"]
[EventCountry "GER"]
[SourceTitle "playchess.com"]
[Source "ChessBase"]
[SourceQuality "1"]
[TimeControl "40/5400+30:1800+30"]

{[%evp 16,65,26,22,31,35,43,37,27,24,49,61,54,42,115,138,144,0,39,31,41,36,39,41,43,42,122,129,127,89,90,78,95,103,182,164,184,184,163,169,172,159,193,184,472,440,438,370,499,487,862,859]} 1. Nf3 {[%emt 0:00:00]} d5 {[%emt 0:00:00]} 2. d4 {[%emt 0:00:00]} Nf6 {[%emt 0:00:00]} 3. c4 {[%emt 0:00:00]} e6 {[%emt 0:00:00]} 4. g3 {[%emt 0:00:00]} Bb4+ {[%emt 0:00:00]} 5. Bd2 {[%emt 0:00:00]} Bd6 {[%emt 0:00:00]} 6. Bg2 {[%emt 0:00:00]} c6 {[%emt 0:00:00]} 7. Nc3 {[%emt 0:00:00]} O-O {[%emt 0:00:00]} 8. O-O {[%emt 0:00:00]} Nbd7 {[%emt 0:00:00]} 9. b3 {[%emt 0:00:00]} dxc4 {[%emt 0:00:00] E01: Catalan: Early deviations.} 10. bxc4 {[%emt 0:00:00]} e5 {[%emt 0:00:00]} 11. e3 {[%emt 0:00:00]} Re8 {[%emt 0:00:00] White is slightly better.} 12. Qc2 {[%emt 0:01:15]} Bc7 {[%emt 0:00:00] [#]} 13. Rad1 $146 {[%emt 0:08:00]} ({Predecessor:} 13. Rfe1 h6 14. h3 Qe7 15. Bc1 Nb6 16. c5 Nc4 17. Rb1 e4 18. Nh2 Na5 19. Nf1 {0-1 (44) Lindgren,P (2380)-Braun,A (2574) Germany 2017}) 13... exd4 {[%emt 0:06:33]} 14. exd4 {[%emt 0:07:06]} Nb6 {[%emt 0:08:17]} (14... h6 $14) 15. d5 $16 {[%emt 0:01:53]} cxd5 {[%emt 0:40:22] [#]} 16. cxd5 {[%emt 0:01:35]} (16. c5 $1 $16 {[%cal Rc5b6]}) 16... Bd6 {[%emt 0:01:31]} (16... Nbxd5 $2 17. Nxd5 Qxd5 18. Qxc7 $18) 17. Nb5 {[%emt 0:01:20]} Bg4 {[%emt 0:02:37]} (17... Nbxd5 $2 18. Bc3 Nxc3 19. Qxc3 $18 (19. Rxd6 Nxb5 20. Rxd8 Rxd8 $16)) 18. h3 {[%emt 0:07:15]} Bh5 {[%emt 0:01:16]} 19. Qb3 {[%emt 0:09:27]} Ne4 {[%emt 0:03:32]} (19... Nbxd5 $2 20. Bg5 Bxg3 21. Bxf6 (21. fxg3 Qb6+ 22. Nbd4 h6 $18) 21... Qxf6 22. Rxd5 (22. fxg3 Qb6+ 23. Rf2 Ne3 $18) 22... Bxf3 23. Qxf3 $18) (19... Nfxd5 $2 20. Ba5 Bc5 21. Bxb6 Qxb6 22. Rxd5 $18) 20. Be3 {[%emt 0:02:26]} Bc5 {[%emt 0:08:03] [#]} ({Better is} 20... Nc5 $14 21. Qb4 Ne4 22. Nxd6 Qxd6 23. Qxd6 Nxd6) 21. Bxc5 $1 {[%emt 0:13:15]} Nxc5 {[%emt 0:00:03]} 22. Qb4 {[%emt 0:01:01]} Nbd7 {[%emt 0:04:38]} 23. Nd6 {[%emt 0:07:49][%csl LRb7,LRe8]} Re2 {[%emt 0:02:11]} 24. Nxb7 {[%emt 0:05:06] &Bianco is more active.} Nxb7 {[%emt 0:05:39]} (24... Qb6 $16 25. Qh4 Nxb7) 25. Qxb7 $18 {[%emt 0:00:08] Hoping for Nd4.} Rxa2 {[%emt 0:00:06]} 26. g4 {[%emt 0:07:20]} Rb8 {[%emt 0:01:28]} 27. Qc6 {[%emt 0:00:40]} Bg6 {[%emt 0:00:05]} 28. Nd4 {[%emt 0:01:31][%cal Bf3d4,Bd4c6,Bc6b4][%mdl 32]} Rc8 {[%emt 0:07:10]} 29. Qb5 {[%emt 0:05:53] Strongly threatening Nc6.} Bc2 $2 {[%emt 0:06:19]} (29... Nb6 {might work better.} 30. Nc6 Qd6) 30. Nc6 {[%emt 0:04:23]} Qf8 {[%emt 0:00:31]} 31. Rde1 {[%emt 0:06:35]} Kh8 {[%emt 0:01:41]} 32. Qc4 {[%emt 0:00:42]} Qa3 {[%emt 0:00:29] [#]} (32... Rb2 $142 33. Qc3 Ra2) 33. Nb4 $1 {[%emt 0:00:10][%mdl 512] Weighted Error Value: White=0.09 (flawless) /Black=0.33} 1-0

[Event "German Bundesliga 2021-22"]
[Site "Germany"]
[Date "2022.04.09"]
[Round "3.7"]
[White "Reuker, Jari"]
[Black "Costa, Leonardo"]
[Result "1/2-1/2"]
[WhiteElo "2425"]
[BlackElo "2324"]
[Annotator "NA RC"]
[PlyCount "96"]
[EventDate "2022.03.05"]
[EventType "team-tourn"]
[EventCountry "GER"]
[SourceTitle "playchess.com"]
[Source "ChessBase"]
[SourceQuality "1"]
[TimeControl "40/5400+30:1800+30"]

1. d4 {[%emt 0:00:00]} d5 {[%emt 0:00:00]} 2. c4 {[%emt 0:00:00]} e6 {[%emt 0:00:00]} 3. Nc3 {[%emt 0:00:00]} Nf6 {[%emt 0:00:00]} 4. cxd5 {[%emt 0:00:00]} exd5 {[%emt 0:00:00]} 5. Bg5 {[%emt 0:00:00]} Be7 {[%emt 0:00:00]} 6. e3 {[%emt 0:00:00]} O-O {[%emt 0:00:00]} 7. Bd3 {[%emt 0:00:00]} h6 {[%emt 0:00:00]} 8. Bh4 {[%emt 0:00:00]} Re8 {[%emt 0:00:00]} 9. Nf3 {[%emt 0:00:00]} c6 {[%emt 0:00:00]} 10. Bg3 {[%emt 0:00:00]} Bg4 {[%emt 0:00:00]} 11. h3 {[%emt 0:00:00]} Bxf3 {[%emt 0:00:00]} 12. Qxf3 {[%emt 0:03:57]} Nbd7 {[%emt 0:00:00]} 13. O-O {[%emt 0:00:54]} Nf8 {[%emt 0:00:00]} 14. a3 {[%emt 0:06:45]} a5 {[%emt 0:00:00]} 15. Rfc1 {[%emt 0:05:19]} Bd6 {[%emt 0:10:11]} 16. Bh4 {[%emt 0:02:06]} Be7 {[%emt 0:00:45]} 17. Bxf6 {[%emt 0:21:03]} Bxf6 {[%emt 0:00:09]} 18. Na4 {[%emt 0:01:58]} Ne6 {[%emt 0:04:49]} 19. b4 {[%emt 0:16:46]} b5 {[%emt 0:14:12]} 20. Nc5 {[%emt 0:02:11]} Nxc5 {[%emt 0:00:06]} 21. bxc5 {[%emt 0:01:08]} Qe7 $11 {[%emt 0:09:31]} 22. Ra2 {[%emt 0:03:43]} g6 {[%emt 0:06:34]} 23. Re2 {[%emt 0:13:40]} Bg7 {[%emt 0:03:04]} 24. g3 {[%emt 0:03:02]} Qf6 {[%emt 0:13:57]} 25. Kg2 {[%emt 0:01:51]} Rab8 {[%emt 0:03:49]} 26. g4 {[%emt 0:02:29]} Qxf3+ {[%emt 0:03:13]} 27. Kxf3 {[%emt 0:00:05]} Re6 {[%emt 0:00:06]} 28. h4 {[%emt 0:00:47]} Bf6 {[%emt 0:00:56]} 29. Rh1 {[%emt 0:01:45]} Re7 {[%emt 0:04:21]} 30. Rb2 {[%emt 0:03:56]} Reb7 {[%emt 0:00:43]} 31. Ke2 {[%emt 0:03:19]} Kf8 {[%emt 0:04:02]} 32. f4 {[%emt 0:03:35]} Re8 {[%emt 0:03:27]} 33. Kf3 {[%emt 0:00:05]} Rbe7 {[%emt 0:05:52]} 34. Re2 {[%emt 0:00:07]} g5 {[%emt 0:00:16]} 35. hxg5 {[%emt 0:02:07]} hxg5 {[%emt 0:00:03]} 36. fxg5 {[%emt 0:03:00]} Bxg5 {[%emt 0:00:05]} 37. e4 {[%emt 0:00:07]} dxe4+ {[%emt 0:00:07]} 38. Rxe4 {[%emt 0:00:50]} Bf6 {[%emt 0:01:05]} 39. Rd1 {[%emt 0:01:55]} Rd8 {[%emt 0:01:58]} 40. Rxe7 {[%emt 0:01:18]} Kxe7 {[%emt 0:00:35]} 41. Be4 {[%emt 0:00:00]} Rxd4 {[%emt 0:00:00]} 42. Rxd4 {[%emt 0:00:00]} Bxd4 {[%emt 0:00:00]} 43. Bxc6 {[%emt 0:00:00]} Bxc5 {[%emt 0:00:00]} 44. Bxb5 {[%emt 0:00:00]} Bxa3 {[%emt 0:00:00]} 45. Ke4 {[%emt 0:00:00]} f6 {[%emt 0:00:00]} 46. Kd5 {[%emt 0:00:00]} Bc1 {[%emt 0:00:00]} 47. Kc4 {[%emt 0:00:00]} Kd6 {[%emt 0:00:00]} 48. Kb3 {[%emt 0:00:00]} Kc5 {[%emt 0:00:00]} 1/2-1/2